000 00246nam a22000857a 4500
008 160630b xxu||||| |||| 00| 0 eng d
100 _91560
_a Baderia, G.S
245 _aMathematical Excursions and Pastimes
260 _aNew Delhi
_bArya Publication
_c2004
999 _c1288
_d1288